Statistics for Sahel Countries

Click here to take the quiz!

General Stats

  • This quiz has been taken 607 times
    (196 since last reset)
  • The average score is 11 of 14

Answer Stats

Country% Correct
Niger
99%
Chad
96%
Mali
95%
Sudan
95%
Nigeria
93%
Burkina Faso
92%
Mauritania
92%
Senegal
87%
South Sudan
86%
Algeria
83%
Central African Republic
78%
Cameroon
75%
Eritrea
66%
Ehiopia
8%

Score Distribution

Percentile by Number Answered

Percent of People with Each Score

Your Score History

You have not taken this quiz since the last reset